Czyj to walk on w darcie? - Statystyki

Ogólne statystyki
  • Ten quiz został rozwiązany 13 razy
  • Średni wynik to 5 z 20
Statystyki odpowiedzi
Tytuł piosenki Darter % Poprawnych
"Seven Nation Army" Michael van Gerwen
91%
"Gold" Andrew Gilding
73%
"Shut Up and Dance" Michael Smith
64%
"I'm Still Standing" James Wade
55%
"Hot Hot Hot" Rob Cross
55%
"Rock You Like a Hurricane" Kim Huybrechts
36%
"Return of the Tres" Adam Gawlas
27%
"Hi Ho Silver Lining" Jamie Hughes
27%
"Whiskey in the Jar" Radek Szagański
27%
"How You Like Me Now?" Lee Evans
18%
"Ruby" Lewy Williams
18%
"Witch Doctor" Chris Landman
9%
"Welcome to the Jungle" Connor Scutt
9%
"Daydream Believer" James Wilson
9%
"Start Me Up" Keegan Brown
9%
"Jumping All Over the World" Robert Owen
9%
"Who Let the Dogs Out" Scott Mitchell
9%
"Heaven's on Fire" Dennis Nilsson
0%
"Mama Laudaaa" René Eidams
0%
"Hey Ya!" Roman Benecký
0%
Nie znaleziono quizów pasujących do podanych kryteriów
Rozkład punktacji
Procent ludzi z każdym wynikiem
Percentyl według liczby udzielonych odpowiedzi
Twoja historia wyników
Nie rozwiązałeś tego quizu